MDQL
is popping MORE tags! Check the
thread
!
Quizzes
Events
Quiz Creation
Community
Videos
Private Events
Remove Ads
Sign In
Join for FREE
Feedback
Dark Mode
Quiz Categories
Sports
Geography
Music
Movies
Television
Just For Fun
Miscellaneous
History
Literature
Language
Science
Gaming
Entertainment
Religion
Holiday
For Kids
Quiz Lab
Recent
Popular Today
Quiz Kudos Today
Editor Picks
Curator Picks
Quizzes by...
Day
Popularity
Type
Ratings
Length
Year
Community
Subscriptions
Recent Discussions
Orange Saloon
Badges
Playlists
Quests
Create
Leaderboards
Showdown
Live 5
Trivia Bingo
Activity
Puzzle Library
Sporcle Events
Private Events
Virtual Trivia
Globe League
Become a Host
Pub Owners
SporcleCon
Opinionation
Our Games
Videos
Blog
Mobile Apps
Partnerships
Remove Ads and Go Orange
Feedback
Sports
Athletes
MLB
NBA
NHL
NFL
Soccer
Sports Teams
WWE
NCAA
Football
Premier League
Basketball
Baseball
Hockey
Golf
Tennis
Cricket
Rugby
Auto Racing
Olympics
World Cup
Sports
Athletes
MLB
NBA
NHL
NFL
Soccer
Sports Teams
WWE
NCAA
Football
Premier League
Basketball
Baseball
Hockey
Golf
Tennis
Cricket
Rugby
Auto Racing
Olympics
World Cup
Random Quiz
Search Sporcle
×
Quiz Lab
Quiz Lab
Sports
Tennis
Type in answers that appear in a list
Type in answers that appear in a list
Classic
Best Score? Go Orange.
WTA Grand Slam Match Winners 2013 Stats
Can you name the women's players who won at least one match in Grand Slam in 2013?
By
Janek96
10m
126 Questions
124 Plays
124 Plays
124 Plays
Comments
Comments
Give Quiz Kudos
Give Quiz Kudos
-
- Ratings
hide this ad
More Info
Replay
Link that replays current quiz
Next Quiz
Link to next quiz in quiz playlist
You Got
0%
They Got
Avg Score
70%
Avg Friend Score
Upgrade to see
Score Distribution
Jump to the score distribution portion of the page
Score
0/126
Timer
10:00
0
Plays Today
W
Player
% Correct
21
Serena Williams
100%
3
Venus Williams
100%
12
Maria Sharapova
94.4%
4
Simona Halep
92.7%
19
Victoria Azarenka
91.9%
15
Sloane Stephens
91.9%
10
Angelique Kerber
91.1%
5
Madison Keys
91.1%
10
Svetlana Kuznetsova
89.5%
8
Petra Kvitová
89.5%
16
Li Na
87.9%
10
Ekaterina Makarova
87.1%
7
Alizé Cornet
87.1%
4
Dominika Cibulková
87.1%
12
Carla Suárez Navarro
86.3%
10
Sabine Lisicki
86.3%
3
Caroline Garcia
84.7%
3
Anastasia Pavlyuchenkova
84.7%
3
Urszula Radwańska
84.7%
16
Agnieszka Radwańska
83.9%
11
Marion Bartoli
83.9%
10
Ana Ivanović
83.9%
5
Elena Vesnina
83.9%
3
Kristina Mladenovic
83.9%
3
Garbiñe Muguruza
83.9%
3
Lucie Šafářová
83.9%
1
Andrea Petkovic
83.9%
10
Jelena Janković
83.1%
5
Samantha Stosur
83.1%
4
Eugenie Bouchard
83.1%
1
Barbora Záhlavová-Strýcová
83.1%
12
Roberta Vinci
82.3%
6
Sorana Cîrstea
82.3%
9
Maria Kirilenko
81.5%
3
Julia Görges
81.5%
9
Kirsten Flipkens
80.6%
7
Caroline Wozniacki
79.8%
4
Daniela Hantuchová
79.8%
4
Peng Shuai
79.8%
4
Yaroslava Shvedova
79.8%
3
Hsieh Su-wei
79.8%
6
Sara Errani
79%
W
Player
% Correct
3
Michelle Larcher de Brito
79%
2
Heather Watson
79%
1
Karolína Plíšková
79%
7
Flavia Pennetta
78.2%
5
Alison Riske
77.4%
2
Kurumi Nara
76.6%
3
Varvara Lepchenko
75.8%
3
Christina McHale
75.8%
2
Yulia Putintseva
75.8%
1
Misaki Doi
75.8%
6
Zheng Jie
75%
3
Francesca Schiavone
75%
2
Mariana Duque Mariño
75%
1
Irina-Camelia Begu
75%
7
Laura Robson
74.2%
2
Mona Barthel
74.2%
1
Kristýna Plíšková
74.2%
4
Kimiko Date-Krumm
73.4%
1
Coco Vandeweghe
73.4%
7
Kaia Kanepi
72.6%
5
Monica Puig
72.6%
3
Annika Beck
72.6%
1
Magdaléna Rybáriková
72.6%
4
Bethanie Mattek-Sands
71.8%
2
Julia Glushko
71.8%
5
Camila Giorgi
71%
2
Elina Svitolina
71%
1
Mirjana Lučić-Baroni
71%
4
Petra Cetkovská
70.2%
1
Lucie Hradecká
70.2%
3
Lesia Tsurenko
69.4%
2
Ashleigh Barty
69.4%
2
Yanina Wickmayer
69.4%
1
Johanna Larsson
69.4%
5
Karin Knapp
68.5%
4
Marina Erakovic
68.5%
3
Tsvetana Pironkova
68.5%
2
Virginie Razzano
68.5%
1
Olga Govortsova
68.5%
1
Shahar Peer
68.5%
2
Petra Martić
67.7%
1
Shelby Rogers
67.7%
W
Player
% Correct
2
Anna Karolína Schmiedlová
66.9%
1
Alexandra Dulgheru
66.9%
7
Bojana Jovanovski
66.1%
3
Jana Čepelová
65.3%
2
Ayumi Morita
65.3%
2
Donna Vekić
65.3%
1
Sofia Arvidsson
65.3%
1
Chan Yung-jan
65.3%
3
Klára Zakopalová
63.7%
1
Tamara Paszek
62.9%
2
Stefanie Vögele
62.1%
1
Akgul Amanmuradova
62.1%
1
Daria Gavrilova
61.3%
1
Vania King
61.3%
1
Eleni Daniilidou
60.5%
3
Paula Ormaechea
59.7%
2
Sílvia Soler Espinosa
58.9%
1
Ajla Tomljanović
58.9%
1
Luksika Kumkhum
57.3%
1
Aleksandra Wozniak
57.3%
2
Galina Voskoboeva
55.6%
7
Jamie Hampton
54.8%
1
Melanie Oudin
54.8%
3
María-Teresa Torró-Flor
54%
1
Romina Oprandi
53.2%
3
Vesna Dolonc
52.4%
1
Alexandra Cadanțu
52.4%
1
Zuzana Kučová
50.8%
2
Mathilde Johansson
49.2%
1
Chanelle Scheepers
48.4%
1
Patricia Mayr-Achleitner
47.6%
1
Ksenia Pervak
47.6%
1
Maria João Koehler
45.2%
2
Dinah Pfizenmaier
43.5%
1
Alisa Kleybanova
41.9%
1
Stéphanie Foretz Gacon
40.3%
2
Eva Birnerová
37.9%
1
Victoria Duval
34.7%
1
Mallory Burdette
33.9%
1
Olga Puchkova
29.8%
1
Sachia Vickery
29%
2
Valeria Savinykh
26.6%
Quiz Playlist
Details
Report
Send in Message
Add To Playlist
More Info:
Walkovers are not included. Only included matches in the main draw.
Classic:
Type in answers that appear in a list
Last Updated: Jun 15, 2017
Quiz Scoreboard
CHALLENGE
Sign Up to Join the Scoreboard
Show All
Scores
Hide
Comments
May contain spoilers
Recently Published
5x2 Blitz: Bands
by SL_Kpop136
Music
30s
Colored Red Africa Blitz
by spor1
Geography
30s
Find the 'City' Movie
by crazypaving
Movies
60s
More to Explore
Quiz From the Vault
Featured Blog Post
14 Easter Pick-up Lines to Find Eggs With
hide this ad
You Might Also Like...
Tags
Tennis Quiz
2013
Grand Slam
Women's Tennis
WTA
WTA Players
WTA Ranking
WTA Singles
WTA Tour
WTA Tournament
Today's Top Quizzes in Sports
Browse Sports
hide this ad
Today's Top Quizzes in Tennis
Browse Tennis
Top Contributed Quizzes in Sports
1
Les entraîneurs de l'OM et du PSG au 21e siècle
2
Les meilleurs buteurs des matchs entre le PSG et l’OM
3
Les joueurs passés par le PSG et l'OM
4
Players with Multiple 50 Home Run Seasons
5
2022 World Cup Stars
6
Criteria MLB: Left Handed Sluggers
7
NBA Logic Puzzle 2.0
8
MLB Players with Two .350 Batting Average Seasons
9
Top 10 NHL Goal Scorers of All Time
10
Les joueurs passés par le LOSC et le RC Lens
Explore More
Trending Topics
NBA
Kpop
Anime
Disney
Crossword
Marvel
Harry Potter
WWE
Country
Soccer
Pokémon
NFL
The Office
Song
Puzzle
hide this ad
More By:
Janek96
Quiz
Plays
Rating
Category
Featured
Created
Eurovision 2003 - 2023 top 10
17,152
4.76
Music
Jun 9, 2015
Eurovision OGAE Favourites Top 5 (2007 - 2017)
1,284
4.67
Music
Jun 9, 2015
Eurovision 2016 Lyrics
1,203
4.50
Music
May 7, 2016
Top 10 WTA tennis players by country (15/06/2015)
761
5.00
Sports
Jun 20, 2015
WTA Major Tournaments Champions (2009-2020)
682
5.00
Sports
Nov 3, 2020
Go to Creator's Profile
Score Distribution
Quiz Creator Spotlight
Janek96
Follow
Send a Message
Quizzes Created
-
Created Quiz Play Count
-
More By This Creator
Popular Quizzes Today
1
Colored Red Africa Blitz
2
Find the 'City' Movie
3
Find the US States - No Outlines Minefield
4
5x2 Blitz: Bands
5
The Countries of the World
6
Find the US States
7
US States
8
Find the Countries of Europe - No Outlines Minefield
More Sports Quizzes
France A to Z
Quiz Lab
Trending Quizzes
Colored Red Europe Blitz I
Colored Red Africa Blitz II
Colored Red Europe Blitz II
Colored Red Europe Blitz III
Colored Red Africa Blitz III
Recently Updated
How Do You Spell That?
pecheneg
Godzilla Movies
pecheneg
Grab Bag: 4-10 Letters
pecheneg
2024 March Madness Bracket
pecheneg
Famous TV Couples
Peacemaker
Champions League XIs: Real Madrid
pecheneg
Largest US Cities 1790-2010
pecheneg
Rides in Walt Disney World
pecheneg
Most Oscar Losses (Acting)
pecheneg
Beyoncé Albums
pecheneg
Trending Topics
NBA
Disney
Anime
Crossword
Marvel
Harry Potter
Kpop
Country
Puzzle
WWE
Song
Soccer
Pokémon
NFL
The Office
Your Account Isn't Verified!
In order to create a playlist on Sporcle, you need to verify the email address you used during registration. Go to your
Sporcle Settings
to finish the process.
Report this User
Report this user for behavior that violates our
Community Guidelines
.
Details:
Send Report
Go to the Sporcle.com Mobile Site →
Comments